| 000 | 01172nam a22003257a 4500 | ||
|---|---|---|---|
| 003 | CHAP | ||
| 005 | 20220329135421.0 | ||
| 008 | 971013s1988 r 00010 d | ||
| 010 | _a36123 | ||
| 011 | _a37095 | ||
| 035 | _a41214 | ||
| 040 | _cCHAP | ||
| 090 | _aTesis | ||
| 100 | 0 | 0 |
_aOrihuela Solano, Carlos Virgilio. _983579 |
| 245 | _aEvaluación financiera del proyecto de extracción y beneficios de minerales metálicos en el ejido de Ixtapaluca, México | ||
| 260 |
_aChapingo, Méx. : _bEl autor, _c1988 |
||
| 300 | _a139 p. | ||
| 502 | _aTesis (Ing. Agr. Esp. en Economía Agrícola) -- UACH. Departamento de Economía Agrícola | ||
| 590 |
_aALEPH _b10 _c20130110 _lUCH01 _h1301 |
||
| 590 |
_aBATCH-UPD _b10 _c20130109 _lUCH01 _h2316 |
||
| 590 |
_aBATCH-UPD _b10 _c20130410 _lUCH01 _h1211 |
||
| 590 |
_aBATCH-UPD _b10 _c20130914 _lUCH01 _h0827 |
||
| 590 |
_aCONVERSION _b10 _c20130109 _lUCH01 _h1320 |
||
| 650 | 1 | 4 |
_aCampesinado _xMéxico (Edo.) _918026 |
| 650 | 1 | 4 |
_aMinas y recursos minerales _xMéxico (Edo.) _975915 |
| 901 | _aBK | ||
| 942 | _cFOLL | ||
| 949 |
_bBC _cTES _d-94345 _eTS1 _h20907 _i41214 _si |
||
| 949 |
_bBC _cTES _d-94346 _eTS2 _fc.2 _h20920 _i41214 _si |
||
| 999 |
_c36123 _d36123 |
||